Quem tem medo da água? (Registo nº 5938)
[ vista simples ]
| 000 -Etiqueta do registo | |
|---|---|
| Valores | 00738cam a2200265 4500 |
| 010 ## - Número ISBN | |
| ISBN | 9724110796 |
| 021 ## - Número do Depósito Legal | |
| Número | 55022/92 |
| 100 ## - Dados gerais de processamento | |
| Dados gerais | 20211231d1992 c||y0pory5003 ba |
| 200 1# - Titulo e menção de responsabilidade | |
| Título próprio | Quem tem medo da água? |
| Primeira menção de responsabilidade | Fanny Joly, Jean-Noel Rochut |
| Outras menções de responsabilidade | trad. Vasco Pires |
| 205 ## - Menção da edição | |
| Edição | 1ª ed |
| 210 #9 - Publicação | |
| Local de publicação | Porto |
| Nome do editor | Asa |
| Data de publicação | 1992 |
| 215 ## - Descrição física | |
| Paginação / Volumes | [26] p. |
| Outras indicações físicas | muito il. |
| Dimensões | 27 cm |
| 225 2# - Colecção | |
| Título próprio da colecção | Quem tem medo |
| 606 ## - Nome comum usado como assunto | |
| ID Autoridade | 14 |
| Palavra de ordem | Literatura infantil |
| 606 ## - Nome comum usado como assunto | |
| ID Autoridade | 13 |
| Palavra de ordem | Literatura Estrangeira |
| 675 ## - CDU | |
| Notação | 82-93 |
| Edição | BN |
| Língua | por |
| 675 ## - CDU | |
| Notação | 821.1/.8 |
| Edição | BN |
| Língua | por |
| 700 ## - Autor principal (pessoa individual) | |
| Apelido | Joly |
| Nome | Fanny |
| ID Autoridade | 5628 |
| 701 ## - Co-autor principal (pessoa individual) | |
| Apelido | Rochut |
| Nome | Jean- Noël |
| ID Autoridade | 5629 |
| 702 ## - Autor secundário (pessoa individual) | |
| Apelido | Pires |
| Nome | Vasco |
| ID Autoridade | 5630 |
| 801 #0 - Fonte de origem | |
| País | PT |
| Agência | BMVN |
| Regras de catalogação | RPC |
| 830 ## - Notas gerais do catalogador | |
| Criado por | Ana Caetano |
| Data de criação | 31/12/2021 |
| 990 ## - Elementos KOHA | |
| Tipo de documento | Livro |
| Situação do levantamento | Biblioteca de origem | Código de barras | Cota | Permissão de empréstimo | Tipo de documento | Forma de aquisição |
|---|---|---|---|---|---|---|
| Biblioteca Municipal de Vendas Novas | 100000015431 | LI EST/JOL | Livro |